Catalog

Record Details

Catalog Search



Agent Sonya : Moscow's most daring wartime spy / ... Read More

Available copies

  • 1 of 1 copy available at LARL/NWRL Consortium.
  • 1 of 1 copy available at Lake Agassiz Regional Library. (Show preferred library)

Current holds

0 current holds with 1 total copy.

Show Only Available Copies
Location Call Number / Copy Notes Barcode Shelving Location Status Due Date
Crookston Public Library 921 WER (Text) 33500013294277 Main Available -

Record details

  • ISBN: 9780593136300
  • ISBN: 0593136306
  • Physical Description: xviii, 377 pages, 16 unnumbered pages of plates : ... Read More
  • Edition: First Edition.
  • Publisher: New York : Crown, an imprint of Random House, [2020]

Content descriptions

Bibliography, etc. Note:
Includes bibliographical references (pages ... Read More
Formatted Contents Note:
Whirl -- Whore of the Orient -- Agent Ramsay -- ... Read More
Summary, etc.:
"The New York Times bestselling author of The Spy ... Read More
In 1942, in a quiet village in the English ... Read More
Subject: Werner, Ruth, 1907-2000.
Spies > Soviet Union > Biography.
Spies > Great Britain > Biography.
Espionage, Soviet > Great Britain > History > 20th century.
Nuclear weapons > History > 20th century.
Soviet Union. Glavnoe razvedyvatelʹnoe upravlenie.
Cold War.
Women spies > Soviet Union > Biography.
Spies > Germany (East) > Biography.
HISTORY / Modern / 20th Century.
POLITICAL SCIENCE / Political Ideologies / Communism, Post-Communism & Socialism.
TRUE CRIME / Espionage.
Werner, Ruth, 1907-2000.
Soviet Union. Glavnoe razvedyvatelʹnoe upravlenie.
Espionage, Soviet.
Nuclear weapons.
Spies.
Women spies.
Germany (East)
Great Britain.
Soviet Union.
Genre: Biography.
Biographies.
History.
Biographies.
LDR 05898cam a2200733 i 4500
001348455
003LARL_NWRL_CONSORTIUM
00520201005221054.0
008200511s2020 nyuabcf b 001 0beng
010 . ‡a 2020019326
040 . ‡aDLC ‡beng ‡erda ‡cDLC ‡dOCLCO ‡dOCLCF ‡dJED ‡dOCL ‡dMBT ‡dHBP ‡dILC ‡dLMJ ‡dBDX ‡dLIV ‡dJQM ‡dLEB ‡dYDX ‡dMDK ‡dOCLCO ‡dYU6
019 . ‡a1182802085
020 . ‡a9780593136300 ‡qhardcover
020 . ‡a0593136306 ‡qhardcover
020 . ‡z9780593136317 ‡qelectronic book
035 . ‡a(OCoLC)1143626728 ‡z(OCoLC)1182802085
042 . ‡apcc
043 . ‡ae-ur--- ‡ae-uk--- ‡ae-ge---
08200. ‡a327.12470092 ‡aB ‡223
1001 . ‡aMacintyre, Ben, ‡d1963- ‡eauthor. ‡0(LARL_NWRL_CONSORTIUM)107179
24510. ‡aAgent Sonya : ‡bMoscow's most daring wartime spy / ‡cBen Macintyre.
250 . ‡aFirst Edition.
264 1. ‡aNew York : ‡bCrown, an imprint of Random House, ‡c[2020]
300 . ‡axviii, 377 pages, 16 unnumbered pages of plates : ‡billustrations, maps, portraits ; ‡c25 cm
336 . ‡atext ‡btxt ‡2rdacontent
337 . ‡aunmediated ‡bn ‡2rdamedia
338 . ‡avolume ‡bnc ‡2rdacarrier
504 . ‡aIncludes bibliographical references (pages 339-354) and index.
5050 . ‡aWhirl -- Whore of the Orient -- Agent Ramsay -- When Sonya is Dancing -- The Spies Who Loved Her -- Sparrow -- Aboard the Conte Verde -- Our Woman in Manchuria -- Vagabond Life -- From Peking to Poland -- In for a Penny -- The Molehill -- A Marriage of Convenience -- The Baby Snatcher -- The Happy Time -- Barbarossa -- The Road to Hell -- Atomic Spies -- Milicent of MI5 -- Operation Hammer -- Rustle of Spring -- Great Rollright -- A Very Tough Nut -- Ruth Werner -- Afterword: the lives of others.
520 . ‡a"The New York Times bestselling author of The Spy and the Traitor tells the thrilling true story of the most important female spy in history: an agent code-named "Sonya," who set the stage for the Cold War. In 1942, in a quiet village in the leafy English Cotswolds, a thin, elegant woman lived in a small cottage with her three children and her husband, who worked as a machinist nearby. Ursula Burton was friendly but reserved, and spoke English with a slight foreign accent. By all accounts, she seemed to be living a simple, unassuming life. Her neighbors in the village knew little about her. They didn't know that she was a high-ranking Soviet intelligence officer. They didn't know that her husband was also a spy, or that she was running powerful agents across Europe. Behind the facade of her picturesque life, Burton was a dedicated Communist, a Soviet colonel, and a veteran agent, gathering the scientific secrets that would enable the Soviet Union to build the bomb. This true-life spy story is a masterpiece about the woman code-named "Sonya." Over the course of her career, she was hunted by the Chinese, the Japanese, the Nazis, MI5, MI6, and the FBI-and she evaded them all. Her story reflects the great ideological clash of the twentieth century-between Communism, Fascism, and Western democracy-and casts new light on the spy battles and shifting allegiances of our own times. With unparalleled access to Sonya's diaries and correspondence and never-before-seen information on her clandestine activities, Ben Macintyre has conjured a page-turning history of a legendary secret agent, a woman who influenced the course of the Cold War and helped plunge the world into a decades-long standoff between nuclear superpowers."-- ‡cProvided by publisher.
520 . ‡aIn 1942, in a quiet village in the English Cotswolds, Ursula Burton was friendly but reserved, and spoke English with a slight foreign accent. Her unassuming life hid the fact that she was a high-ranking Soviet intelligence officer. Her husband was also a spy, and she was running powerful agents across Europe gathering the scientific secrets that would enable the Soviet Union to build the bomb. Macintyre tells the story of "Sonya," a woman who influenced the course of the Cold War and helped plunge the world into a decades-long standoff between nuclear superpowers. - adapted from jacket
60010. ‡aWerner, Ruth, ‡d1907-2000.
650 0. ‡aSpies ‡zSoviet Union ‡vBiography. ‡0(LARL_NWRL_CONSORTIUM)167530
650 0. ‡aSpies ‡zGreat Britain ‡vBiography. ‡0(LARL_NWRL_CONSORTIUM)167491
650 0. ‡aEspionage, Soviet ‡zGreat Britain ‡xHistory ‡y20th century.
650 0. ‡aNuclear weapons ‡xHistory ‡y20th century.
61010. ‡aSoviet Union. ‡bGlavnoe razvedyvatelʹnoe upravlenie.
650 0. ‡aCold War. ‡0(LARL_NWRL_CONSORTIUM)36741
650 0. ‡aWomen spies ‡zSoviet Union ‡vBiography.
650 0. ‡aSpies ‡zGermany (East) ‡vBiography.
650 7. ‡aHISTORY / Modern / 20th Century. ‡2bisacsh
650 7. ‡aPOLITICAL SCIENCE / Political Ideologies / Communism, Post-Communism & Socialism. ‡2bisacsh
650 7. ‡aTRUE CRIME / Espionage. ‡2bisacsh
60017. ‡aWerner, Ruth, ‡d1907-2000. ‡2fast
61017. ‡aSoviet Union. ‡bGlavnoe razvedyvatelʹnoe upravlenie. ‡2fast
650 7. ‡aEspionage, Soviet. ‡2fast ‡0(LARL_NWRL_CONSORTIUM)19594
650 7. ‡aNuclear weapons. ‡2fast ‡0(LARL_NWRL_CONSORTIUM)26996
650 7. ‡aSpies. ‡2fast ‡0(LARL_NWRL_CONSORTIUM)31707
650 7. ‡aWomen spies. ‡2fast ‡0(LARL_NWRL_CONSORTIUM)34778
651 7. ‡aGermany (East) ‡2fast ‡0(LARL_NWRL_CONSORTIUM)4458
651 7. ‡aGreat Britain. ‡2fast ‡0(LARL_NWRL_CONSORTIUM)55777
651 7. ‡aSoviet Union. ‡2fast ‡0(LARL_NWRL_CONSORTIUM)4487
647 7. ‡aCold War ‡d(1945-1989) ‡2fast ‡0(OCoLC)fst01754978
648 7. ‡a1900-1999 ‡2fast
655 0. ‡aBiography.
655 7. ‡aBiographies. ‡2fast
655 7. ‡aHistory. ‡2fast
655 7. ‡aBiographies. ‡2lcgft
77608. ‡iOnline version: ‡aMacintyre, Ben, ‡tAgent Sonya ‡bFirst edition. ‡dNew York : Crown, [2020] ‡z9780593136317 ‡w(DLC) 2020019327
901 . ‡a348455 ‡bOCoLC ‡c348455 ‡tbiblio ‡soclc

Additional Resources